Streitschrift des Gazālī gegen die Bāṭinijja-Sekte /

Saved in:

Main Author: Ghazzālī, 1058-1111 (Author)

Other Authors: Goldziher, Ignác, 1850-1921.

Format: Book

Language: German

Published: Leiden : E. J. Brill, 1916.

Series: Publication of the De Goeje Fund ; 3.

Subjects:

Tags: Add Tag

No Tags, Be the first to tag this record!

Call Number: B753 .G3366 1916

LEADER 01005nam a2200265I 4500
001 9192
003 OSt
005 20250916082149.0
008 130303s1916 ne 000 0 ger d
010 |a 31007603 
040 |c ARCE Library 
050 4 |a B753 .G3366 1916 
100 0 |6 880-01  |a Ghazzālī,  |d 1058-1111,  |e author 
245 1 0 |a Streitschrift des Gazālī gegen die Bāṭinijja-Sekte /  |c Ghazzālī ; von Ignaz Goldziher. 
264 1 |a Leiden :   |b E. J. Brill,   |c 1916. 
300 |a 112, 82 pages ;   |c 24 cm. 
490 1 |a Veröffentlichungen der De Goeje-Stiftung ;   |v 3. 
546 |a Includes Arabic text. 
650 0 |a Batinites. 
700 1 |a Goldziher, Ignác,  |d 1850-1921.  |9 30896 
830 0 |a Publication of the De Goeje Fund ;   |v 3. 
880 0 |6 6100-01/(3/r  |a غزالي،‪‪‪‪‪‪‪‪‪‪‪‪‪‪‪‪‪‪‪‪‪‪‪‪‪‪‪‪‪‪‪‪‪‪‪‪‪‪‪‪‪‪‪‪‪‪‪‪‪‪  |d 1058-1111. 
901 |a reviewed 
942 |c BK  |2 lcc 
999 |c 11777  |d 11777